Le Materie Scolastiche - Statistics

Statistiche generali
  • Questo quiz è stato fatto 571 volte
  • Il punteggio medio è 10 su 11
Statistiche sulle risposte
Aiuti Materia % Corretto
I verbi have e be Inglese
100%
La letteratura Italiano
100%
10+7 Matematica
100%
Como estas? Spagnolo
100%
Bandiere e Capitali Geografia
99%
Mozart Musica
98%
Caravaggio Arte
97%
Il futur proche Francese
97%
L’atomo Scienze
95%
Torquato Tasso Storia
80%
Le proiezioni ortogonali Tecnologia
68%
Nessun quiz corrispondente trovato
Distribuzione punteggi
Percentuale di utenti per punteggio
Percentile per numero di risposta
I tuoi punteggi nel tempo
Non hai fatto questo quiz